| 000 | 00529nam a2200181Ia 4500 | ||
|---|---|---|---|
| 005 | 20250508153439.0 | ||
| 008 | 008 250505s9999 xx 000 0 eng d | ||
| 037 | _aBooks to be hide in OPAC | ||
| 040 |
_aFEDL _beng _cFEDL |
||
| 041 |
_aeng _2eng |
||
| 084 |
_a375.62, UNI/O _qFEDL |
||
| 100 | _aArmsby Henry H | ||
| 245 | 0 | _aThree-two plan of engineering education | |
| 245 | 0 | _cU S Department of health, Education, and Welfare | |
| 300 | _a32p. | ||
| 942 |
_cHB _h375.62, UNI/O |
||
| 999 |
_c1342950 _d1342950 |
||